000 00566nam a2200181Ia 4500
001 18706
005 20260306171650.0
008 260306s9999||||xx |||||||||||||| ||und||
041 _aESP
082 _a658.5
_bC28
100 _aCarreño Solís, Adolfo Joseph,
_eAUT
245 0 _aLogística internacional :
_bactualización del capítulo 6 del libro Cadena de suministro y logística con las nuevas incoterms 2020 y regulaciones aduaneras
260 _c2021
300 _a139 páginas :
_c24 cm.
650 _aGEN
654 _aCAN
942 _cLIB
_dJUS
_fJUS
_2ddc
_n
999 _c18706
_d18706